Persona 5 Character Quiz - Statistics

General Stats
  • This quiz has been taken 1,870 times
    1,859 since last reset
  • The average score is 25 of 33
Answer Stats
Answer Hint % Correct
Morgana The main protagonist's cat friend.
99%
Ren Amamiya The main protagonist in Persona 5.
99%
Ann Takamaki The fashion model and friend of the protagonist.
97%
Igor The owner of the Velvet Room and supplies help for the main protagonist.
96%
Ryuji Sakamoto The first friend of the main protagonist and ex-track runner.
95%
Futaba Sakura A hacker and member of the Phantom Thieves. Is also the fourth palace owner.
93%
Makoto Niijima The student council president at Shujin Academy and a member of the Phantom Thieves.
92%
Sojiro Sakura The caretaker of the main protagonist.
91%
Goro Akechi Pancakes... The ace detective and eventual member of the Phantom Thieves.
90%
Haru Okumura A gardener and member of the Phantom Thieves.
90%
Yusuke Kitagawa An artist and member of the Phantom Thieves.
89%
Sae Niijima The prosecutor who interrogated the protagonist.
87%
Suguru Kamoshida The first palace owner encountered and is the volleyball coach at Shujin Academy.
85%
Caroline The more agitated twin warden in the Velvet Room.
82%
Justine The more calm twin warden in the Velvet Room.
82%
Sumire Yoshizawa The redhead heavily featured in Persona 5 Royal.
82%
Tae Takemi The shady doctor that supplies medicine to the main protagonist.
81%
Ichiryusai Madarame The plagarist and famous artist who is the second palace owner.
77%
Kunikazu Okumura The owner of Big Bang Burgers and the fifth palace owner.
76%
Masayoshi Shido The person who ruined the main protagonist's life and the seventh palace owners.
76%
Sadayo Kawakami The homeroom teacher for the main protagonist at Shujin Academy.
75%
Yuuki Mishima The owner of the Phansite and a fellow student of Shujin Academy.
75%
Shiho Suzui The best friend of Ann and a member of the volleyball team.
73%
Takuto Maruki The counselor at Shujin Academy hired after the Kamoshida incident.
72%
Junya Kaneshiro The third palace owner and gang leader.
68%
Hifumi Togo The shogi champion and a friend of the main protagonist.
66%
Munehisa Iwai The shady owner of Untouchable and supplies weapons and such for the main protagonist.
65%
Ichiko Ohya Member of the paparazza and an associate of the protagonist.
59%
Jose The guy investigating humans and found in Mementos.
59%
Wakaba Isshiki The mother of Futaba who studied cognitive psience but was killed for her research.
57%
Chihaya Mifune A fortunte teller and a associate of the main protagonist.
52%
Principal Kobayakawa The principal of Shujin Academy.
47%
Sugimura The not-so-great fiance of Haru.
21%
No matching quizzes found
Score Distribution
Percent of People with Each Score
Percentile by Number Answered
Your Score History
You have not taken this quiz since the last reset